| 000 | 00371nam a22001457a 4500 | ||
|---|---|---|---|
| 003 | OSt | ||
| 005 | 20260204091001.0 | ||
| 008 | 260204b |||||||| |||| 00| 0 eng d | ||
| 020 | _a0763803405 | ||
| 040 | _cPARADIGM PUBLISHING | ||
| 050 | _aPIUDLMUR918 | ||
| 245 |
_aMICROSOFT WORD _cRUTKOSKY, NITA |
||
| 260 |
_aMONTREAL WAY _bPARADIGM PUBLISHNG _c2000 |
||
| 942 |
_2ddc _cBK _n0 |
||
| 999 |
_c9929 _d9929 |
||